000 00459cam a22001457a 4500
008 180718b2000 xxu||||| |||| 00| 0 eng d
082 _aB1 M295
100 _aMalik, Bibhuti Bhusan
245 _aSocial ecology of forest resources: a study of a tribal region of Orissa
_cby Bibhuti Bhusan Malik
260 _aNew Delhi
_bCentre for the Study of Social Systems
_c2000
300 _a462p.
650 _aCulture
650 _aSocial change
650 _aSociology
999 _c492579
_d492579